000
00233 a2200085 4500
020
_a
9783955534943
100
_a
Wolfgang Huß , Matthias Kaufmann and Konrad Merz
245
_a
Building in Timber - Room Modules
260
_b
DETAIL
_c
2019
999
_c
13427
_d
13427